000 00330nam a22001097a 4500
082 _a954.912
_bOFF
_cD
245 _aOfficial History of Operations on the N.W. Frontier of India 1936-37
260 _aDelhi
_bManager of Publications, Delhi
_cc1943
300 _ap 256
526 _a0
_b0
_c0
_d954_912000000000000_OFF
942 _2ddc
_cBK
999 _c553085
_d553085